La mania della verità : dialogo con Pier Paolo Pasolini /

Saved in:
Bibliografiske detaljer
Hovedforfatter: Scalia, Gianni
Andre forfattere: Corsi, Riccardo, (1967- ) (Editor), Alfieri, Pasquale (Editor), Massa, Simone (Editor)
Format: Bog
Sprog:italiensk
Udgivet: Pesaro : Portatori d'acqua, 2020
Serier:Uova fatali ; 3
Fag:
Tags: Tilføj Tag
Ingen Tags, Vær først til at tagge denne postø!

MARC

LEADER 00000nam a2200000 i 4500
001 IT\ICCU\CFI\1016320
003 ItRI
005 20250215162623.0
008 200702s2020 it |||||| ||||| |||||c
015 |2 IT  |a 2022-6931 
020 |a 9788898779093 
040 |b ita  |c ARCIGAY RIMINI 
041 7 |a ita  |2 ISO-639-2 
082 |a 851.914  |2 23 
100 1 |a Scalia, Gianni  |0 IT\ICCU\CFIV\065131 
240 1 3 |a La mania della verità  |9 Scalia, Gianni 
245 1 3 |a La mania della verità :  |b dialogo con Pier Paolo Pasolini /  |c Gianni Scalia ; a cura di Pasquale Alfieri, Riccardo Corsi, Simone Massa. 
260 |a Pesaro :  |b Portatori d'acqua,  |c 2020 
300 |a 245 p. :  |b ill., 1 ritratto ;  |c 20 cm 
650 7 |a Pasolini, Pier Paolo 
700 1 |a Corsi, Riccardo,  |d  (1967- )  |0 IT\ICCU\CFIV\332619  |4 edt 
700 1 |a Alfieri, Pasquale  |0 IT\ICCU\UBOV\057934  |4 edt 
700 1 |a Massa, Simone  |0 IT\ICCU\URBV\394551  |4 edt 
830 0 |a Uova fatali ;  |v 3  |0 IT\ICCU\UMC\0990265 
942 |2 ddc  |c BK 
952 |0 0  |1 0  |2 ddc  |4 0  |6 851_914000000000000_SCA_MAN  |7 1  |9 3138  |a RN  |b RN  |d 2025-02-15  |l 0  |o 851.914 SCA MAN  |p 10403  |r 2025-02-15 16:27:08  |w 2025-02-15  |x Donazione di Giovanni Rimondini  |y BK  |z Donazione di Giovanni Rimondini 
981 1 |6 z01  |a i   |b xxxe  
982 1 |6 z01  |a n 
999 |c 2528  |d 2528